000 01433cam a2200145 4500500
005 20260329034015.0
041 _afre
042 _adc
100 1 0 _aBarnier, Martin
_eauthor
700 1 0 _aKitsopanidou, Kira
_eauthor
245 0 0 _aLe cinéma 3-D : Histoire, économie, technique, esthétique
260 _bArmand Colin,
_c2015.
520 _aDe L’Étrange créature du lac noir à Avatar, le cinéma 3-D a connu plusieurs vagues et semble aujourd’hui s’installer durablement. Son succès a été rendu possible grâce à l’analyse de l’échec des stratégies commerciales des périodes précédentes et à l’émergence du numérique. Outil de création, le relief continuera à s’imposer si la technique évolue et si son inscription dans les scénarios et son usage dans l’image se justifient. Cet ouvrage est consacré à tous les aspects du cinéma en relief : historiques, technologiques, économiques, esthétiques et artistiques. Il permet notamment de démythifier le cinéma 3-D en expliquant simplement ses principes techniques, d’évaluer ses enjeux industriels et culturels, et de comprendre quel rapport il entretient avec le public. Il est illustré par l’analyse des films les plus récents afin de comprendre les recherches et les réussites de la 3-D, et d’entrevoir son futur.
856 4 1 _uhttps://shs.cairn.info/le-cinema-3-d--9782200275419?lang=fr&redirect-ssocas=7080
999 _c1960229
_d1960229